000
00318nam a2200121 a 4500
001
000042530
005
20201002040221.0
008
131210s1974 000 spa d
040
_a
DO-SdBNP
_b
spa
_c
BNPHU
245
3
_a
El Monasterio de Suso :.
260
_a
[s.l.], :
_b
Sagredo,
_c
1974.
300
_a
30 p. :
_b
il ;
_c
22 cm.
999
_c
42019
_d
42019